|
|
|
|
| LEADER |
01051nam a22002417a 4500 |
| 001 |
31537 |
| 003 |
BD-DhAAL |
| 005 |
20260118104317.0 |
| 008 |
171127s2013 bg a|||| |||| 00| 0 ben d |
| 040 |
|
|
|a BD-DhAAL
|c BD-DhAAL
|
| 082 |
|
|
|a 307.1412095492
|2 22
|
| 245 |
|
|
|a স্টান্ডার্ড অপারেটিং প্রোসিডিউরস :
|b দুর্যোগ সাড়াদানে ব্র্যাকের নীতিমালা.
|
| 260 |
|
|
|a ঢাকা :
|b ব্র্যাক,
|c ২০১৩.
|
| 300 |
|
|
|a ৯৫ পৃষ্ঠা :
|b চিত্র ;
|c ২৮ সে.মি.
|
| 526 |
|
|
|a AAL
|
| 541 |
|
|
|e 31537
|a Complementary copy from BRAC
|
| 610 |
|
|
|a BRAC
|9 14405
|
| 650 |
|
|
|a Rural Development
|z Bangladesh
|9 14406
|
| 710 |
|
|
|a BRAC
|9 14405
|
| 852 |
|
|
|a Ayesha Abed Library
|c BRAC Resource Section
|
| 942 |
|
|
|2 ddc
|c BK
|
| 999 |
|
|
|c 38638
|d 38638
|
| 952 |
|
|
|0 0
|1 0
|2 ddc
|4 0
|6 307_141209549200000_STA
|7 0
|9 61990
|a BRACUL
|b BRACUL
|c BRS
|d 2017-11-27
|e BRAC
|l 0
|o 307.1412095492 STA
|p 3010031537
|r 2017-11-27
|t 1
|w 2017-11-27
|y BK
|